|
|
|
|
| LEADER |
00000nab a2200000 a 4500 |
| 001 |
vtls000420020 |
| 003 |
SK-MaSNL |
| 005 |
20260302235220.0 |
| 008 |
140507c1991 xo 0 slo |
| 015 |
|
|
|a SNBRB19rr/mm-uuuuu
|
| 035 |
|
|
|a CL0420148
|
| 040 |
|
|
|a SNKBUCL
|b slo
|c SNKBUCL
|e AACR2
|
| 041 |
0 |
|
|a slo
|
| 044 |
|
|
|a xo
|c SK
|
| 080 |
|
|
|a 791.43(437.6+73)
|2 1981
|
| 080 |
|
|
|a 73)
|2 1981
|
| 100 |
1 |
|
|a Gazdik, Milan
|4 aut
|9 946227
|
| 245 |
1 |
0 |
|a Naši pred bránami alebo neočakávane včasný príchod postmoderny
|c Milan Gazdik ; Jozef Slovák, Jozef Heriban, Václav Polák
|
| 300 |
|
|
|b Fot. 1.
|
| 500 |
|
|
|a Réžia Jozef Slovák a Jozef Heriban.
|
| 650 |
0 |
7 |
|a Dávajte si pozor! (film)
|2 snkbucl
|9 964119
|
| 655 |
|
7 |
|a články z novín a časopisov
|2 snkbucl
|9 267496
|
| 700 |
1 |
|
|a Polák, Václav
|4 ill
|9 277693
|
| 773 |
0 |
|
|t Kultúrny život
|g Roč. 25, č. 18 (1991), s. 13
|
| 850 |
|
|
|a Slovenská národná knižnica v Martine
|a MTA001
|
| 852 |
|
|
|a SNK
|b KIS3GCP
|
| 958 |
|
|
|a RK
|
| 992 |
|
|
|a RBX
|
| 999 |
|
|
|c 1553625
|d 1555555
|